02473cam a2200421 a 45000010009000000050017000090080041000260100017000670160020000840160018001040200025001220200022001470350024001690400071001930420008002640500026002720600015002980600027003130820010003401000026003502450098003762600036004743000033005105040051005435050401005945200597009956500055015926500035016476500035016826500054017176500018017716500024017897000029018139060045018429420012018879990017018999520135019161612592820170105102344.0100309s2010 maua b 001 0 eng c a 20102774127 a1015255142DNLM7 a0155442692Uk a9781596933057 (hbk.) a1596933054 (hbk.) a(OCoLC)ocn244150463 aNLMcNLMdYDXCPdBTCTAdBAKERdBWXdILUdCDXdG7GdNOHdUKMGBdDLC apcc00aTK7872.D48bD565 201000a2010 B-97910aW 26.55.C7bD611w 2010 a681.21 aDishongh, Terrance J.10aWireless sensor networks for healthcare applications cTerrance J. Dishongh, Michael McGrath. aBoston :bArtech House,cc2010. axi, 246 p. :bill. ;c26 cm. aIncludes bibliographical references and index.0 aHealthcare and the wireless sensor network -- Sensor network technologies -- Informing your design -- Technology selection -- Data collection and decision making -- Deploying in the field -- Clinical deployments of wireless sensor networks: gait -- Contextural awareness medication prompting field trials in homes -- Case study: social health -- Future of wireless sensor networks for healthcare. a"Unlike other books on wireless sensors networks, this unique reference focuses on methods of application, validation and testing based on real deployments of sensor networks in the clinical and home environments. Key topics include healthcare and wireless sensors, sensor network applications, designs of experiments using sensors, data collection and decision making, clinical deployment of wireless sensor networks, contextual awareness medication prompting field trials in homes, social health monitoring, and the future of wireless sensor networks in healthcare."--Publisher description. 0aWireless sensor networksxDesign and construction. 0aMedical carexData processing. 0aTelecommunication in medicine.12aComputer Communication Networksxinstrumentation.12aTelemedicine.22aTelecommunications.1 aMcGrath, Michael,cPh.D. a7bcbccpccadapd2encipf20gy-gencatlg 2ddccBK c11628d11628 001040708NFICaCLbCLcGENd2013-03-06eA&J DEF TEK Consultantsg8505.79l0o681.2 DISpSEECS012089r2013-03-07w2013-03-07yBK